Away in a star sled / (Record no. 155359)

MARC details
000 -LEADER
fixed length control field 00554cam a2200181 i 4500
005 - DATE AND TIME OF LATEST TRANSACTION
control field 20180803125022.0
010 ## - LCCN (DPL NO)
LC control number B-701178
020 ## - INTERNATIONAL STANDARD BOOK NUMBER
International Standard Book Number 9789386313768
Terms of availability 325.00
035 ## - SYSTEM CONTROL NUMBER
System control number B-701178
082 04 - DEWEY DECIMAL CLASSIFICATION NUMBER
Classification number S
100 1# - MAIN ENTRY--PERSONAL NAME
Personal name Stilton, Geronimo,
245 14 - TITLE STATEMENT
Title Away in a star sled /
Statement of responsibility, etc Geronimo Stilton and Thea Stilton
260 ## - PUBLICATION, DISTRIBUTION, ETC. (IMPRINT)
Place of publication, distribution, etc New York
Name of publisher, distributor, etc Scholastic
Date of publication, distribution, etc 2017
300 ## - PHYSICAL DESCRIPTION
Extent 162p
Other physical details color illustrations ;
Dimensions 20 cm (pbk)
700 ## - ADDED ENTRY--PERSONAL NAME
Personal name Stilton, Thea
942 ## - ADDED ENTRY ELEMENTS (KOHA)
Source of classification or shelving scheme Dewey Decimal Classification
Item type Children Books
Classification part S
Call number suffix STI
Holdings
Withdrawn status Lost status Not for loan Collection code Home library Current library Date acquired Source of acquisition Cost, normal purchase price Full call number Barcode Copy number Cost, replacement price Koha item type
      Fiction Ashok Vihar Ashok Vihar 03/08/2018 DBAD/Children/Gift/02.08.2018 325.00 S STI B-701178 1 325.00 Children Books

© Delhi Public Library
Hit Counter
free hit counter